00225nam a2200109Ia 450010000210000024500430002126000120006426000110007626000090008730000070009665000120010310aRatnasena,W.N.H. aStability of Vitamin C in Local Fruits aColombo bIchemc c2013 a37 aVitamin